000 00673nam a22002297a 4500
003 UA-OsUOA
001 93941
007 ta
008 20130130b un ||||| |||| 00| 0 ukr d
100 _aВасилевский Б.
090 _a821.161.1
_bВ19
942 _cBK
040 _aUA-OsUOA
_brus
_cUA-OsUOA
_dUA-OsUOA
245 _aСнега былых времен
_bдокументальное повествование
300 _a448 с.
955 _a3
041 _arus
080 _a821.161.1
260 _aМ.
_bСоветский писатель
_c1987
650 7 _a82 Література. Літературознавство
_2UDC
999 _c380185
_d380185